000 01090cam a2200265 a 4500
001 13884783
005 20250322110251.0
008 050228s2006 at a b 001 0 eng
020 _a140187245X
020 _a9781401872458
050 0 0 _aLB1139.35.A37
_bM365 2006
082 0 0 _a372.13
_222
100 1 _aMayesky, Mary.
245 1 0 _aCreative activities for young children /
_cMary Mayesky.
250 _a8th ed.
260 _aAustralia ;
_aClifton Park, NY :
_bDelmar/Thomson Learning,
_cc2006.
300 _axx, 628 p. :
_bill. (chiefly col.) ;
_c28 cm.
650 0 _aCreative activities and seat work.
650 0 _aEarly childhood education
_xActivity programs
_zUnited States.
650 0 _aChild development
_zUnited States.
856 4 2 _3Contributor biographical information
_uhttp://www.loc.gov/catdir/enhancements/fy1103/2005041405-b.html
856 4 2 _3Publisher description
_uhttp://www.loc.gov/catdir/enhancements/fy1103/2005041405-d.html
856 4 1 _3Table of contents only
_uhttp://www.loc.gov/catdir/enhancements/fy1103/2005041405-t.html
942 _2lcc
_cBK
_e8th Ed.
_n0
999 _c5072
_d5072